000 00526nmm a2200181Ia 4500
008 251105s9999||||xx |||||||||||||||||und||
020 _a9788490642047
041 _aspa
100 _aPié Balaguer, Asun
245 0 _aEscenas de educación social
264 _a[Madrid, España] :
_bUniversitat Oberta de Catalunya,
_c2014
300 _a166 páginas
650 _aEducation
700 _aPié Balaguer, Asun
700 1 _a Solé Blanch, Jordi
856 _uhttps://public.digitaliapublishing.com/a/30511
942 _cCF
999 _c70028
_d70028